000 00485nam a2200181Ia 4500
001 31602
003 IN-NITTTR
005 20251114233423.0
008 251113s9999||||xx |||||||||||||| ||eng||
040 _beng
040 _cIN-NITTTR
041 _aeng
082 _a519.202462 W165P
100 _aWalpole, Ronald E.
245 0 _aProbability and statistics for engineers and scientists /
_cWalpole, Ronald E., Myers, Raymond H.
700 _a Myers, Raymond H.
942 _2ddc
_cBK
999 _c34232
_d34232